Movies Quiz

Random Movies or Star Wars Quiz

Star Wars: Episode 1 Character by First Line Quiz Stats

 Plays Quiz not verified by Sporcle

Support Sporcle.
Go Orange.
Score 0/16 Timer 05:00
0 Plays Today
Line Character % Correct
I have a bad feeling about this.???
92.3%
How do you do, I am {name}, Human Cyborg Relations. How might I serve you????
92.3%
Oh, my!! Annie, what's this????
88.5%
Tatooine is sparsely populated. If the trace was correct, I will find them quickly, Master.???
80.8%
The very Republic is threatened, if involved the Sith are.???
80.8%
Hi chuba da naga? (What do you want?)???
80.8%
Yes, yes, of coarse...ahhh...as you know, our blockade is perfectly legal, and we'd be happy to recieve the Ambassador...Happy to.???
80.8%
Mel tassa cho-passa... (I was cleaning the bin like you...)???
75%
Line Character % Correct
A Sith Lord?!????
75%
Yousa cannot bees hair. Dis army of mackineeks up dare tis new weesong!???
69.2%
Captain.???
65.4%
We are brave, Your Highness.???
65.4%
Chuba!! (You!!)???
61.5%
...How could that be true? I have assurances from the Chancellor...his Ambassaodrs did arrive. It must be the...get...negotiate...???
59.6%
Oh, noooooooooo!???
55.8%
Check the transmission generators...???
38.5%

You're not logged in!

Compare scores with friends on all Sporcle quizzes.
OR
Log In

From the Vault

Ultimate Beatles Quiz

by lotrfreak1987

We're still upset with the Beatles for our inability to spell the word Beetle correctly.
Remove Ads.
Support Sporcle.
Get the best of Sporcle when you Go Orange. This ad-free experience offers more features, more stats, and more fun while also helping to support Sporcle. Thank you for becoming a member.

Show Comments

Extras

Top Quizzes Today


Score Distribution

Your Account Isn't Verified!

In order to create a playlist on Sporcle, you need to verify the email address you used during registration. Go to your Sporcle Settings to finish the process.

Report this User

Report this user for behavior that violates our Community Guidelines.

Details: